USMNT Capped players - Statistics

General Stats
  • This quiz has been taken 29 times
  • The average score is 41 of 123
Answer Stats
Hint Answer % Correct
FW Christian Pulisic
96%
GK Matt Turner
85%
MID Weston McKennie
85%
MID Giovanni Reyna
81%
DEF Sergino Dest
81%
FW Folarin Balogun
77%
MID Tyler Adams
77%
GK Zack Steffen
77%
DEF Antonee Robinson
73%
DEF Miles Robinson
73%
FW Ricardo Pepi
73%
FW Timothy Weah
73%
DEF Tim Ream
73%
DEF Walker Zimmerman
73%
DEF Chris Richards
69%
FW Haji Wright
69%
GK Ethan Horvath
65%
FW Josh Sargent
65%
MID Aidan Morris
62%
DEF Cameron Carter-Vickers
62%
FW Jordan Morris
62%
MID Malik Tillman
62%
MID Timothy Tillman
62%
MID Yunus Musah
62%
MID Brenden Aaronson
54%
MID Cristian Roldan
54%
MID Paxten Aaronson
54%
GK Sean Johnson
54%
DEF Shaq Moore
54%
FW Gyasi Zardes
50%
DEF Joe Scally
50%
GK Brad Guzan
46%
MID Gianluca Busio
46%
FW Jesus Ferreira
46%
DEF Mark McKenzie
46%
GK Gabriel Slonina
42%
MID Luca de la Torre
42%
DEF DeAndre Yedlin
38%
MID Johnny Cardoso
38%
DEF John Tolkin
38%
FW Jozy Altidore
38%
MID Michael Bradley
38%
FW Alejandro Zendejas
35%
DEF Auston Trusty
35%
DEF DeJuan Jones
35%
FW Jordan Pefok
35%
DEF Kristoffer Lund
35%
FW Paul Arriola
35%
MID Benjamin Cremaschi
31%
FW Cade Cowell
31%
FW Daryl Dike
31%
FW Diego Luna
31%
MID Djordje Mihailovic
31%
MID Jack McGlynn
31%
DEF James Sands
31%
FW Jonathan Lewis
31%
DEF Aaron Long
27%
FW Brian White
27%
DEF John Brooks
27%
MID Kellyn Acosta
27%
DEF Matt Miazga
27%
MID Richard Ledezma
27%
MID Sebastian Lletget
27%
MID Will Trapp
27%
DEF Bryan Reynolds
23%
DEF Erik Palmer-Brown
23%
DEF Jalen Neal
23%
GK Patrick Schulte
23%
DEF Sam Vines
23%
FW Sebastian Soto
23%
MID Tanner Tessmann
23%
FW Taylor Booth
23%
GK Bill Hamid
19%
FW Brandon Vazquez
19%
DEF Caleb Wiley
19%
FW Christian Ramirez
19%
DEF Daniel Lovitz
19%
MID Eryk Williamson
19%
DEF George Bello
19%
DEF Henry Kessler
19%
MID Jackson Yueill
19%
FW Julian Gressel
19%
FW Konrad de la Fuente
19%
DEF Nick Lima
19%
DEF Omar Gonzalez
19%
FW Tyler Boyd
19%
MID Aziel Jackson
15%
MID Cole Bassett
15%
FW Duncan McGuire
15%
FW Kevin Paredes
15%
DEF Kyle Duncan
15%
MID Lennard Maloney
15%
FW Matthew Hoppe
15%
FW Nicholas Gioacchini
15%
DEF Reggie Cannon
15%
FW Ulysses Llanez
15%
DEF Aaron Herrera
12%
FW Ayo Akinola
12%
FW Bernard Kamungo
12%
DEF Donovan Pines
12%
FW Esmir Bajraktarevic
12%
MID Josh Atencio
12%
DEF Julian Araujo
12%
MID Owen Otasowie
12%
MID Alfredo Morales
8%
MID Andres Perea
8%
FW Chris Mueller
8%
FW Corey Baird
8%
FW Emmanuel Sabbi
8%
FW Jeremy Ebobisse
8%
DEF Jonathan Gomez
8%
MID Paxton Pomykal
8%
DEF Sam Rogers
8%
MID Alan Sonora
4%
DEF Brooks Lennon
4%
DEF Chase Gasper
4%
MID Duane Holmes
4%
FW Joe Gyau
4%
FW Jonathan Amon
4%
DEF Marco Farfan
4%
DEF Sean Zawadzki
4%
MID Brandon Servania
0%
No matching quizzes found
Score Distribution
Percent of People with Each Score
Percentile by Number Answered
Your Score History
You have not taken this quiz